WINNER S GUIDE TO NEGOTIATING HOW CONVER (Record no. 29180)
[ view plain ]
| 000 -LEADER | |
|---|---|
| fixed length control field | 00350nam a2200133Ia 4500 |
| 008 - FIXED-LENGTH DATA ELEMENTS--GENERAL INFORMATION | |
| fixed length control field | 240624s9999 xx 000 0 und d |
| 041 ## - LANGUAGE CODE | |
| Language code of text/sound track or separate title | eng |
| 082 ## - DEWEY DECIMAL CLASSIFICATION NUMBER | |
| Classification number | 158.5 FLE |
| 100 ## - MAIN ENTRY--PERSONAL NAME | |
| Personal name | FLETCHER MOLLY |
| 245 ## - TITLE STATEMENT | |
| Title | WINNER S GUIDE TO NEGOTIATING HOW CONVER |
| 260 ## - PUBLICATION, DISTRIBUTION, ETC. | |
| Date of publication, distribution, etc. | 2015 |
| Place of publication, distribution, etc. | New York |
| Name of publisher, distributor, etc. | Tata McGraw- Hill |
| 300 ## - PHYSICAL DESCRIPTION | |
| Extent | xii, 210 p.; 22 cm. |
| 365 ## - TRADE PRICE | |
| Currency code | |
| Price amount | 38 |
| Withdrawn status | Lost status | Damaged status | Not for loan | Home library | Current library | Shelving location | Date acquired | Cost, normal purchase price | Full call number | Barcode | Date last seen | Copy number | Price effective from | Koha item type |
|---|---|---|---|---|---|---|---|---|---|---|---|---|---|---|
| IMTN | IMTN | Rack 1-B | 08/21/2017 | 18.00 | 158.5 FLE | 29180 | 06/24/2024 | 66.7 | 06/24/2024 | Books |